000 01493cam a22003857a 4500
001 15533196
003 USPCAS-E
005 20180118181414.0
008 081124s2008 enka b 001 0 eng d
010 _a 2008472390
020 _a9781898130055 (v.1)
020 _a1898130051 (v.1)
020 _a9781898130062 (v.2)
020 _a189813006X (v.2)
035 _a(OCoLC)ocn245452776
040 _aSISPL
_cSISPL
_dSISPL
_dXVF
_dDLC
042 _alccopycat
050 0 0 _aTH880
_b.G7425 2008
082 0 0 _a690.8047
_222
_bGRE 2008
245 0 4 _aThe green building bible /
_ceditor, Keith Hall.
250 _a4th ed.
260 _aLlandysul :
_bGreen Building Press,
_c[2008]
300 _a2 v. :
_bill. (chiefly col.) ;
_c25 cm.
500 _aVol. 2: Principal author, Richard Nicholls.
502 _a0
504 _aIncludes bibliographical references and index.
505 0 _av. 1. Essential information to help you make your home, buildings and outdoor areas less harmful to the environment, the community and your family -- v. 2. The low energy design technical reference.
650 0 _aSustainable buildings
_xDesign and construction.
650 0 _aBuildings
_xEnvironmental aspects.
700 1 _aHall, Keith,
_d1958-
700 1 _aNicholls, Richard,
_d1959-
906 _a7
_bcbc
_ccopycat
_d2
_encip
_f20
_gy-gencatlg
942 _2ddc
_cBK
999 _c355796
_d355796